| 000 | 00585nam a2200229Ia 4500 | ||
|---|---|---|---|
| 001 | 14456 | ||
| 003 | GE_BSU | ||
| 008 | 181216s||||||||xx |||||||||||||| ||und|| | ||
| 020 | _a9781416526858 | ||
| 040 | _cGE_BSU | ||
| 080 | _a1 | ||
| 245 | _aWhat is yoor dangerous Idea? | ||
| 245 | _bToday's Leading thinkers on the Unthinkable | ||
| 245 | _cEdited by John Brockman | ||
| 260 | _aLondon | ||
| 260 | _bPocket Books | ||
| 260 | _c2006 | ||
| 300 | _a319p.20cm. | ||
| 653 | _aToday's Leading thinkers on the Unthinkable | ||
| 653 | _aWhat is yoor dangerous Idea? | ||
| 942 | _cBK | ||
| 999 |
_c47589 _d47589 |
||